000
00247nam a22001217a 4500
003
SGT
082
_a
152
_b
C03C
100
_a
CLAMP , ALAN
245
_a
COMPARATIVE PSYCHOLOGY
260
_a
LONDON
_b
HODDER
_c
2003
300
_a
168
942
_2
ddc
_c
BK
999
_c
14009
_d
14009